[Event "Frankfurt Ch 2011"]
[Site "Ffm-Kalbach, LAZ"]
[Date "2011.05.16"]
[Round "3.27"]
[White "Makilla, Tobias"]
[Black "Rüger, Erhard"]
[Result "1-0"]
[WhiteElo "1937"]
[BlackElo "2195"]
[PlyCount "51"]
[EventDate "2011.??.??"]
[WhiteTeam "Sfr.1932 Kelkheim"]
[BlackTeam "SC Brett vor'm Kopp Ffm"]

1. e4 c5 2. Nf3 e6 3. Nc3 a6 4. d4 cxd4 5. Nxd4 Qc7 6. f4 Bb4 7. Bd2 Nc6 8.
Nce2 Nf6 9. Bxb4 Nxb4 10. c3 Nc6 11. e5 Nd5 12. Qd2 O-O 13. g4 f6 14. exf6 Rxf6
15. f5 Qe5 16. O-O-O Ne3 17. Re1 Nxd4 18. Nxd4 Nxf1 19. Rhxf1 Qa5 20. g5 Rf8
21. fxe6 dxe6 22. Rxf8+ Kxf8 23. Qf4+ Ke8 24. Nxe6 Kd7 25. Qd4+ Kc6 26. Nd8+
1-0

[Event "Frankfurt Ch 2011"]
[Site "Ffm-Kalbach, LAZ"]
[Date "2011.05.16"]
[Round "3.28"]
[White "Engel, Berthold"]
[Black "Haftmann, Rainer"]
[Result "1-0"]
[WhiteElo "2210"]
[BlackElo "1920"]
[PlyCount "99"]
[EventDate "2011.??.??"]
[WhiteTeam "SC Brett vor'm Kopp Ffm"]
[BlackTeam "SG 1945 Dietzenbach"]

1. e4 e5 2. Nf3 Nc6 3. Bb5 a6 4. Bxc6 dxc6 5. d4 exd4 6. Qxd4 Qxd4 7. Nxd4 Bd7
8. Be3 O-O-O 9. Nc3 Bb4 10. Nde2 Ne7 11. O-O-O Bg4 12. f3 Be6 13. a3 Bxc3 14.
Nxc3 f6 15. Ne2 Bf7 16. h3 b6 17. g4 h6 18. Ng3 Rxd1+ 19. Rxd1 Rd8 20. Re1 c5
21. f4 Rd7 22. f5 Nc6 23. Bf4 Re7 24. Re3 c4 25. Ne2 Kb7 26. c3 Ne5 27. Bxe5
Rxe5 28. Kd2 c5 29. Ng1 Kc7 30. Nf3 Re7 31. e5 b5 32. Ke2 fxe5 33. Nxe5 Be8 34.
Nxc4 Rxe3+ 35. Nxe3 Kd6 36. Ng2 Ke5 37. Ke3 h5 38. Nf4 hxg4 39. hxg4 Bf7 40.
Nd3+ Kd5 41. Kf4 Be8 42. Ne5 a5 43. g5 a4 44. f6 gxf6 45. gxf6 Bh5 46. f7 Bxf7
47. Nxf7 b4 48. Ne5 bxa3 49. bxa3 c4 50. Ng6 1-0

[Event "Frankfurt Ch 2011"]
[Site "Ffm-Kalbach, LAZ"]
[Date "2011.05.16"]
[Round "3.29"]
[White "Hilbenz, Guntram"]
[Black "Benninger, Rudolf"]
[Result "0-1"]
[WhiteElo "1919"]
[BlackElo "2154"]
[PlyCount "114"]
[EventDate "2011.??.??"]
[WhiteTeam "SC Bad Nauheim"]
[BlackTeam "SC Heusenstamm"]

1. Nf3 g6 2. c4 Bg7 3. g3 c5 4. Bg2 Nc6 5. O-O e5 6. Nc3 Nge7 7. d3 O-O 8. Bg5
h6 9. Bxe7 Nxe7 10. Ne1 Rb8 11. Nc2 a6 12. Ne3 b5 13. b3 Nc6 14. Rb1 Nd4 15.
Ned5 d6 16. e3 Nf5 17. Qc2 b4 18. Ne4 h5 19. Rbe1 g5 20. f4 exf4 21. gxf4 g4
22. Ng3 Nxg3 23. hxg3 f5 24. e4 Bd4+ 25. Kh2 fxe4 26. Rxe4 Rb7 27. Rfe1 Rbf7
28. Re7 Rxe7 29. Rxe7 Re8 30. Qe2 Kf8 31. Rxe8+ Qxe8 32. Qxe8+ Kxe8 33. Be4 Kf7
34. Kg2 a5 35. Nb6 Ba6 36. Nd5 Bf6 37. Nc7 Bc8 38. Nd5 Bd8 39. Ne3 Bd7 40. Bd5+
Kf6 41. Be4 a4 42. bxa4 Bxa4 43. Bb7 Kf7 44. Bd5+ Kf8 45. Kf2 Bf6 46. Ke2 Bd4
47. Nf5 Bc2 48. Nxd4 cxd4 49. Kd2 Bb1 50. Kc1 Bxd3 51. Kb2 Bf5 52. Kc1 Ke7 53.
Kb2 Kf6 54. Kc1 Be6 55. Bxe6 Kxe6 56. Kd2 Kf5 57. Kd3 h4 0-1

[Event "Frankfurt Ch 2011"]
[Site "Ffm-Kalbach, LAZ"]
[Date "2011.05.16"]
[Round "3.30"]
[White "Kreiling, Carsten"]
[Black "Fröhlich-Dill, Astrid"]
[Result "1-0"]
[WhiteElo "2129"]
[BlackElo "1919"]
[PlyCount "53"]
[EventDate "2011.??.??"]
[WhiteTeam "SVG Eppstein 1932"]
[BlackTeam "SV 1920 Hofheim"]

1. d4 Nf6 2. c4 e6 3. Nf3 b6 4. a3 c5 5. d5 d6 6. Nc3 Be7 7. g3 exd5 8. Bg2 Bb7
9. Nh4 Nbd7 10. Nf5 O-O 11. Nxd5 Nxd5 12. Bxd5 Bxd5 13. Qxd5 Nf6 14. Qf3 d5 15.
cxd5 Re8 16. Nxe7+ Qxe7 17. Bg5 Qe5 18. Bxf6 gxf6 19. O-O-O Qxe2 20. Qxf6 Re5
21. d6 Qc4+ 22. Kb1 Qe4+ 23. Ka1 Re6 24. Qg5+ Qg6 25. Qd5 Rd8 26. d7 Qe4 27.
Qg5+ 1-0

[Event "Frankfurt Ch 2011"]
[Site "Ffm-Kalbach, LAZ"]
[Date "2011.05.16"]
[Round "3.31"]
[White "Ottenburg, Ralph"]
[Black "Drill, Frank"]
[Result "0-1"]
[WhiteElo "1950"]
[BlackElo "2141"]
[PlyCount "42"]
[EventDate "2011.??.??"]
[WhiteTeam "Sfr. Frankfurt 1921"]
[BlackTeam "Sfr.Neuberg"]

1. d4 e6 2. c4 b6 3. Nf3 Bb7 4. g3 f5 5. Bg2 Nf6 6. O-O a5 7. Nc3 Bb4 8. d5
Bxc3 9. bxc3 Ne4 10. Qd4 O-O 11. dxe6 Nc6 12. Qe3 dxe6 13. Nd4 Qe8 14. Ba3 Rf6
15. Nb5 Ne5 16. Nxc7 Qh5 17. Rfd1 Ng4 18. Qxb6 Qxh2+ 19. Kf1 Nxg3+ 20. fxg3
Qxg3 21. Bf3 Nh2# 0-1

[Event "Frankfurt Ch 2011"]
[Site "Ffm-Kalbach, LAZ"]
[Date "2011.05.16"]
[Round "3.33"]
[White "Hillgärtner, Walter"]
[Black "Czech, Ludwig"]
[Result "1/2-1/2"]
[WhiteElo "1931"]
[BlackElo "2137"]
[PlyCount "108"]
[EventDate "2011.??.??"]
[WhiteTeam "SC Bad Nauheim"]
[BlackTeam "VSG 1880 Offenbach"]

1. d4 f5 2. Bf4 Nf6 3. e3 g6 4. Be2 Bg7 5. h3 O-O 6. Nf3 d6 7. c3 e6 8. O-O Qe7
9. Bh2 b6 10. Nbd2 Bb7 11. a4 Nbd7 12. a5 Kh8 13. Qb3 Rfe8 14. axb6 axb6 15.
Rxa8 Rxa8 16. Re1 Ne4 17. Nxe4 Bxe4 18. Nd2 Bb7 19. Bf3 Bxf3 20. Nxf3 Nf6 21.
Nd2 e5 22. dxe5 dxe5 23. Nf3 Ne4 24. Rd1 Nd6 25. Bg3 Bf6 26. Qd5 Ra5 27. Qb3
Kg7 28. Nd2 Rb5 29. Qa2 Ra5 30. Qb3 Qf7 31. Qc2 Qa2 32. Rc1 Rb5 33. b3 Qxc2 34.
Rxc2 g5 35. f3 Ra5 36. e4 f4 37. Bf2 h5 38. Kf1 Kf7 39. Ke2 Ke6 40. c4 Nb7 41.
Nb1 Bd8 42. Nc3 Be7 43. Nd5 Bd8 44. b4 Ra6 45. Nc3 Ra1 46. Ra2 Rxa2+ 47. Nxa2
Nd6 48. Kd3 b5 49. cxb5 Nxb5 50. Nc3 Nd6 51. Bc5 Nb7 52. Kc4 c6 53. Na4 Bc7 54.
Nc3 Nd8 1/2-1/2

[Event "Frankfurt Ch 2011"]
[Site "Ffm-Kalbach, LAZ"]
[Date "2011.05.16"]
[Round "3.34"]
[White "Kuban, Günther"]
[Black "Nagel, Norbert"]
[Result "1-0"]
[WhiteElo "2205"]
[BlackElo "1758"]
[PlyCount "95"]
[EventDate "2011.??.??"]
[WhiteTeam "SV Oberursel"]
[BlackTeam "SC Bad Nauheim"]

1. c4 Nf6 2. g3 c5 3. Nf3 Nc6 4. Bg2 g6 5. O-O Bg7 6. d4 cxd4 7. Nxd4 O-O 8.
Nc3 Ng4 9. e3 Nge5 10. b3 Nxd4 11. exd4 Nc6 12. Be3 d6 13. Rc1 Qa5 14. h3 Bd7
15. Qd2 Rac8 16. Rfd1 Rfd8 17. Kh2 Be8 18. Bg5 f6 19. Bh6 Bf7 20. Bxg7 Kxg7 21.
d5 Nb8 22. Qb2 a6 23. Rd4 b5 24. Rf4 Nd7 25. Bf1 bxc4 26. bxc4 Rb8 27. Qe2 Re8
28. Re4 Kf8 29. Qe3 g5 30. Re1 Qd8 31. f4 h6 32. fxg5 hxg5 33. h4 Bg6 34. hxg5
Bxe4 35. Nxe4 Kg7 36. Qf4 Rb2+ 37. Re2 Rh8+ 38. Kg2 Rxe2+ 39. Bxe2 Qf8 40. Bg4
Ne5 41. Bf5 Qf7 42. g4 Kf8 43. gxf6 Nxc4 44. fxe7+ Kxe7 45. Qg5+ Kf8 46. Be6
Qe7 47. Nf6 Nb6 48. Qf5 1-0

[Event "Frankfurt Ch 2011"]
[Site "Ffm-Kalbach, LAZ"]
[Date "2011.05.16"]
[Round "3.35"]
[White "Kuhn, Luis"]
[Black "Bagatsch, Thomas"]
[Result "1/2-1/2"]
[WhiteElo "1786"]
[BlackElo "2116"]
[PlyCount "105"]
[EventDate "2011.??.??"]
[WhiteTeam "SV 1929 Raunheim"]
[BlackTeam "SC Brett vor'm Kopp Ffm"]

1. d4 Nf6 2. Nf3 d5 3. c4 c6 4. g3 Bf5 5. Bg2 e6 6. O-O Nbd7 7. b3 Be7 8. Bb2
h6 9. Nbd2 O-O 10. Ne5 Nxe5 11. dxe5 Nd7 12. e4 dxe4 13. Nxe4 Nc5 14. Nd6 Bxd6
15. Qxd6 Nd3 16. Qd4 Qc7 17. Ba3 c5 18. Qe3 Rad8 19. Rfd1 Rd7 20. Rxd3 Rxd3 21.
Qxc5 Qxc5 22. Bxc5 Rfd8 23. Bd6 Rd7 24. c5 Rc3 25. b4 Bd3 26. a4 a6 27. Bf1
Bxf1 28. Kxf1 Rb3 29. Rc1 Rd8 30. c6 bxc6 31. Rxc6 Ra8 32. a5 Rb2 33. Kg2 Kh7
34. h4 Kg6 35. Rc7 Rd2 36. h5+ Kxh5 37. Rxf7 Kg6 38. Rc7 h5 39. Kf3 Rd8 40. Ra7
R8xd6 41. exd6 Rxd6 42. Rb7 Rd3+ 43. Ke4 Rd2 44. Ke3 Rb2 45. Rb6 Kf5 46. Rxa6
Rxb4 47. Rb6 Ra4 48. Rb5+ e5 49. f4 Ra3+ 50. Kf2 Ra2+ 51. Ke1 Kg4 52. fxe5 Ra1+
53. Kd2 1/2-1/2

[Event "Frankfurt Ch 2011"]
[Site "Ffm-Kalbach, LAZ"]
[Date "2011.05.16"]
[Round "3.36"]
[White "Kolker, Vladislav"]
[Black "Zepuntke, Thomas"]
[Result "1-0"]
[WhiteElo "2104"]
[BlackElo "1745"]
[PlyCount "39"]
[EventDate "2011.??.??"]
[WhiteTeam "Sfr.1891 Friedberg"]
[BlackTeam "vereinslos"]

1. e4 d5 2. exd5 Qxd5 3. Nc3 Qd6 4. d4 Nf6 5. Nf3 Bg4 6. Be2 Nc6 7. Nb5 Qd7 8.
d5 Nxd5 9. Qxd5 O-O-O 10. Qxd7+ Rxd7 11. c3 e5 12. h3 Bf5 13. a4 Be7 14. Be3 a6
15. Na7+ Nxa7 16. Bxa7 f6 17. Be3 Rhd8 18. O-O c5 19. Nh4 Bc2 20. Bg4 1-0

[Event "Frankfurt Ch 2011"]
[Site "Ffm-Kalbach, LAZ"]
[Date "2011.05.16"]
[Round "3.37"]
[White "Genis, Roy"]
[Black "Richter, Tobias"]
[Result "0-1"]
[WhiteElo "1935"]
[BlackElo "2099"]
[PlyCount "90"]
[EventDate "2011.??.??"]
[WhiteTeam "Sfr. Frankfurt 1921"]
[BlackTeam "SV Merseburg e. V."]

1. e4 e6 2. d4 d5 3. exd5 exd5 4. Bd3 Be7 5. Nf3 Nf6 6. O-O Bg4 7. Re1 Nc6 8.
c3 Qd6 9. Bg5 O-O-O 10. Nbd2 Kb8 11. Qc2 h6 12. Bh4 Nh5 13. Bxe7 Nxe7 14. Ne5
Be6 15. Re3 Nf4 16. Rae1 Nxd3 17. Qxd3 Ng8 18. Ng6 fxg6 19. Rxe6 Qf4 20. Rxg6
Nf6 21. g3 Qd6 22. Rxg7 Rhe8 23. Rxe8 Rxe8 24. Nf3 Ne4 25. Qb5 Qf8 26. Qd7 Rc8
27. Rf7 Qg8 28. Qxd5 Nd6 29. Ne5 Nxf7 30. Qxf7 Qg5 31. f4 Qd8 32. Qb3 Ka8 33.
Qe6 h5 34. Qd7 Qg8 35. Qf7 Qh8 36. Ng6 Qh6 37. Qd7 Rb8 38. Ne5 h4 39. Qh3 Qa6
40. a3 hxg3 41. hxg3 Qe2 42. Qg2 Qe1+ 43. Qf1 Qxg3+ 44. Qg2 Qe1+ 45. Qf1 Rg8+
0-1

[Event "Frankfurt Ch 2011"]
[Site "Ffm-Kalbach, LAZ"]
[Date "2011.05.16"]
[Round "3.38"]
[White "Syed, Tareq"]
[Black "Larem, Peter"]
[Result "0-1"]
[WhiteElo "2112"]
[BlackElo "1919"]
[PlyCount "80"]
[EventDate "2011.??.??"]
[WhiteTeam "SC Brett vor'm Kopp Ffm"]
[BlackTeam "SG Rödermark/Eppertshausen"]

1. e4 e5 2. Nf3 Nf6 3. Nc3 Nc6 4. g3 Bc5 5. Bg2 O-O 6. O-O d6 7. d3 Bg4 8. h3
Bd7 9. Bg5 h6 10. Bh4 Be6 11. g4 g5 12. Nxg5 hxg5 13. Bxg5 Kg7 14. Na4 Rg8 15.
c3 Qd7 16. b4 Bb6 17. Nxb6 axb6 18. Qd2 Bxg4 19. Kh2 Rh8 20. h4 Rag8 21. f4 Nh7
22. b5 Nxg5 23. bxc6 bxc6 24. fxg5 Rxh4+ 25. Kg1 Bh3 26. Rf2 Bxg2 27. Rxg2 Rgh8
28. Kf2 Rf4+ 29. Ke2 Qh3 30. Rag1 Qf3+ 31. Ke1 Rh3 32. Rf2 Qxf2+ 33. Qxf2 Rxf2
34. Kxf2 Rxd3 35. Rc1 Rd2+ 36. Kf3 Rxa2 37. Kg3 Re2 38. Kf3 Rb2 39. Kg3 Kg6 40.
Kh4 Rg2 0-1

[Event "Frankfurt Ch 2011"]
[Site "Ffm-Kalbach, LAZ"]
[Date "2011.05.16"]
[Round "3.39"]
[White "Kraus, Eduard"]
[Black "Göbel, Andreas"]
[Result "1/2-1/2"]
[WhiteElo "1893"]
[BlackElo "2032"]
[PlyCount "90"]
[EventDate "2011.??.??"]
[WhiteTeam "SV Bergwinkel"]
[BlackTeam "SC Brett vor'm Kopp Ffm"]

1. d4 Nf6 2. Nf3 d5 3. c4 e6 4. Nc3 c6 5. e3 Nbd7 6. Bd2 Bd6 7. Rc1 O-O 8. Bd3
b6 9. O-O Bb7 10. cxd5 exd5 11. Qe2 Re8 12. Rfd1 Rc8 13. Be1 Ne4 14. Rc2 Ndf6
15. Ba6 Qd7 16. Bxb7 Qxb7 17. Nd2 Qe7 18. Ncxe4 Nxe4 19. Nxe4 Qxe4 20. Rdc1 c5
21. dxc5 bxc5 22. Qa6 Qe5 23. g3 d4 24. exd4 Qf5 25. Qxd6 Rxe1+ 26. Rxe1 Qxc2
27. Qxc5 g6 28. Qxa7 Qxb2 29. Qd7 Rc2 30. Qe8+ Kg7 31. Qe5+ Kg8 32. Qe8+ Kg7
33. Qe5+ Kg8 34. Qf6 Re2 35. Rxe2 Qxe2 36. Qe5 Qxa2 37. h4 Qb1+ 38. Kg2 Qb2 39.
Qe8+ Kg7 40. Qe5+ Kf8 41. Qc5+ Ke8 42. d5 Qe5 43. Qc6+ Ke7 44. Qb7+ Ke8 45.
Qc6+ Ke7 1/2-1/2

[Event "Frankfurt Ch 2011"]
[Site "Ffm-Kalbach, LAZ"]
[Date "2011.05.16"]
[Round "3.40"]
[White "Rondonuwu, Grover"]
[Black "Plattner, Rolf"]
[Result "1-0"]
[WhiteElo "2020"]
[BlackElo "1919"]
[PlyCount "72"]
[EventDate "2011.??.??"]
[WhiteTeam "Frankfurter TV 1860"]
[BlackTeam "SK Langen"]

1. e4 c5 2. Nf3 d6 3. d4 cxd4 4. Nxd4 Nf6 5. Nc3 a6 6. f3 e5 7. Nb3 Be6 8. Be3
Be7 9. g4 d5 10. g5 d4 11. gxf6 Bxf6 12. Bf2 dxc3 13. Qxd8+ Bxd8 14. bxc3 O-O
15. O-O-O Nc6 16. Be2 Bc7 17. Be3 f5 18. Kb2 b6 19. c4 b5 20. cxb5 axb5 21.
Bxb5 Nd4 22. Bxd4 exd4 23. a4 fxe4 24. fxe4 Be5 25. Rd3 Rfb8 26. h3 Ra7 27. Re1
Rc7 28. Re2 Bc4 29. Bxc4+ Rxc4 30. a5 Ra4 31. Rf2 Rxa5 32. Kc1 Ra4 33. Rf5 Re8
34. Rdf3 Bf6 35. Kd2 h6 36. Kd3 Rxe4 1-0

[Event "Frankfurt Ch 2011"]
[Site "Ffm-Kalbach, LAZ"]
[Date "2011.05.16"]
[Round "3.41"]
[White "Gräbner, Walter"]
[Black "Budde, Michael"]
[Result "1-0"]
[WhiteElo "2053"]
[BlackElo "1718"]
[PlyCount "120"]
[EventDate "2011.??.??"]
[WhiteTeam "SC 1961 König Nied"]
[BlackTeam "SC 1979 Hattersheim"]

1. d4 d5 2. c4 e6 3. Nf3 Nf6 4. Nc3 Bb4 5. Bd2 O-O 6. e3 Nbd7 7. Be2 a6 8. cxd5
exd5 9. O-O Nb6 10. Na4 Qd6 11. Nxb6 Qxb6 12. Bxb4 Qxb4 13. Qc2 c6 14. Bd3 h6
15. a3 Qe7 16. b4 Be6 17. Rfc1 Nd7 18. a4 Bg4 19. b5 axb5 20. axb5 Rxa1 21.
Rxa1 c5 22. dxc5 Nxc5 23. Nd4 Nxd3 24. Qxd3 Rc8 25. h3 Bd7 26. Qa3 Qxa3 27.
Rxa3 Rc1+ 28. Kh2 Rb1 29. Ra8+ Kh7 30. Rb8 Bxb5 31. Rxb7 Bd3 32. Rxf7 Kg6 33.
Rd7 Rb2 34. Kg3 Be4 35. Ne6 Bf5 36. Nf4+ Kf6 37. Rd6+ Kf7 38. Rxd5 Be4 39. Rd7+
Kf6 40. Nh5+ Kg6 41. Nxg7 Rb5 42. f3 Ba8 43. Ne6 Bb7 44. Nd4 Rg5+ 45. Kf2 Bc8
46. Rd6+ Kh7 47. g4 h5 48. Rc6 Rg8 49. Nb5 hxg4 50. hxg4 Rf8 51. Kg3 Kg8 52.
Nd6 Bd7 53. Rc7 Ba4 54. e4 Bd1 55. f4 Rf6 56. Rc8+ Kh7 57. e5 Rg6 58. g5 Bb3
59. Rc7+ Kg8 60. Kh4 Bd1 1-0

[Event "Frankfurt Ch 2011"]
[Site "Ffm-Kalbach, LAZ"]
[Date "2011.05.16"]
[Round "3.42"]
[White "Meiser, Nicolas"]
[Black "Tierling, Detlef"]
[Result "1-0"]
[WhiteElo "1725"]
[BlackElo "2036"]
[PlyCount "131"]
[EventDate "2011.??.??"]
[WhiteTeam "SV Lahn Limburg"]
[BlackTeam "SV Griesheim(DA)"]

1. d4 Nf6 2. Nf3 g6 3. e3 Bg7 4. b3 O-O 5. Bb2 c5 6. c3 b6 7. Nbd2 Bb7 8. Bd3
d5 9. Qc2 Nc6 10. Ba3 Nd7 11. dxc5 Nxc5 12. Be2 Qc7 13. Rc1 Rfe8 14. b4 Ne4 15.
Nxe4 dxe4 16. Nd4 Rac8 17. Nxc6 Qxc6 18. c4 f5 19. Qb3 Kh8 20. O-O g5 21. Bh5
Rf8 22. Bb2 e5 23. f4 g4 24. h3 gxh3 25. gxh3 Qh6 26. Bd1 Qxh3 27. Rc2 Rc6 28.
Rg2 Rg6 29. Rxg6 hxg6 30. Rf2 Qg3+ 31. Rg2 Qe1+ 32. Kh2 Kh7 33. Re2 Qh4+ 34.
Kg1 Qg3+ 35. Kf1 Rd8 36. Rg2 Qh3 37. Kg1 Bh6 38. c5 Bd5 39. Qc3 exf4 40. Qf6
Qxe3+ 41. Kh2 Rg8 42. Qe7+ Rg7 43. Bxg7 Bxg7 44. Qh4+ Bh6 45. Qf6 g5 46. Qxf5+
Kg7 47. Qxd5 f3 48. Qe5+ Kg6 49. Qe8+ Kf6 50. Qc6+ Kg7 51. Qd7+ Kg6 52. Qd6+
Kg7 53. Bb3 Kh7 54. Qd7+ Bg7 55. Qf5+ Kh6 56. Rg3 Qd2+ 57. Kh3 f2 58. Bf7 Qd7
59. Qxd7 f1=Q+ 60. Kg4 Qe2+ 61. Kf5 Qf2+ 62. Kxe4 Qc2+ 63. Kd5 Qd1+ 64. Kc6
Qa4+ 65. b5 Qe4+ 66. Qd5 1-0

[Event "Frankfurt Ch 2011"]
[Site "Ffm-Kalbach, LAZ"]
[Date "2011.05.16"]
[Round "3.43"]
[White "Arnold, Michael"]
[Black "Willems, Matthias"]
[Result "1-0"]
[WhiteElo "1846"]
[BlackElo "2056"]
[PlyCount "91"]
[EventDate "2011.??.??"]
[WhiteTeam "SK Langen"]
[BlackTeam "SC Bad Nauheim"]

1. d4 d5 2. Nf3 Nf6 3. e3 Bg4 4. Bd3 e6 5. Nbd2 Nbd7 6. c3 c6 7. e4 dxe4 8.
Nxe4 Nxe4 9. Bxe4 Qb6 10. Qe2 Nf6 11. Bd3 Qa5 12. Bf4 Qh5 13. O-O-O Bxf3 14.
gxf3 Qa5 15. Kb1 Nd5 16. Bd2 Qb6 17. f4 Ba3 18. b3 O-O-O 19. f5 exf5 20. Bxf5+
Kb8 21. Rhe1 g6 22. Be4 a5 23. Qc4 Rhe8 24. Bf3 Rxe1 25. Rxe1 Bd6 26. Bxd5 cxd5
27. Qxd5 Qc7 28. c4 b6 29. Qe4 Bxh2 30. Rh1 h5 31. Rxh2 f5 32. Qf4 Kc8 33.
Qxc7+ Kxc7 34. d5 Rg8 35. Kc2 Kd6 36. Kd3 Ke5 37. f4+ Kf6 38. Be3 Rb8 39. a3
Rb7 40. b4 axb4 41. axb4 Kf7 42. Kc3 b5 43. c5 Rd7 44. c6 Re7 45. Bc5 Re4 46.
c7 1-0

[Event "Frankfurt Ch 2011"]
[Site "Ffm-Kalbach, LAZ"]
[Date "2011.05.16"]
[Round "3.45"]
[White "Reichel, Rolf"]
[Black "Calvi, Stefan"]
[Result "0-1"]
[WhiteElo "1991"]
[BlackElo "1993"]
[PlyCount "92"]
[EventDate "2011.??.??"]
[WhiteTeam "Niederräder TG"]
[BlackTeam "Sfr. Frankfurt 1921"]

1. e4 c5 2. Nf3 Nc6 3. d4 cxd4 4. c3 Nf6 5. e5 Nd5 6. cxd4 d6 7. Be2 g6 8. O-O
Bg7 9. Nc3 dxe5 10. dxe5 Nxc3 11. bxc3 O-O 12. Ba3 Qc7 13. Qb3 Nxe5 14. Nd4 a6
15. h3 Re8 16. f4 Nc6 17. Nxc6 Qxc6 18. Bc4 e6 19. f5 gxf5 20. Rac1 b5 21. Be2
e5 22. c4 Be6 23. Qc2 Rac8 24. c5 Kh8 25. Rxf5 Bxf5 26. Qxf5 Qg6 27. Qf2 f5 28.
c6 Rxc6 29. Rxc6 Qxc6 30. Qxf5 e4 31. Bh5 Re5 32. Qg4 Qe6 33. Qe2 Rg5 34. Bg4
Qd5 35. Bc1 Qc5+ 36. Be3 Bd4 37. Bxd4+ Qxd4+ 38. Kh2 Rc5 39. Qf1 Kg7 40. Qe1
Rc2 41. Qg3 Qf2 42. Qe5+ Qf6 43. Qb8 Rf2 44. Qc7+ Kh6 45. Kg3 e3 46. Bf3 Qg7+
0-1

[Event "Frankfurt Ch 2011"]
[Site "Ffm-Kalbach, LAZ"]
[Date "2011.05.16"]
[Round "3.46"]
[White "Pauly, Markus"]
[Black "Bittner, Peter"]
[Result "1/2-1/2"]
[WhiteElo "1924"]
[BlackElo "1956"]
[PlyCount "61"]
[EventDate "2011.??.??"]
[WhiteTeam "Sfr.Erbach"]
[BlackTeam "SC 1961 König Nied"]

1. c4 c6 2. Nf3 Nf6 3. Nc3 d5 4. e3 e6 5. b3 Be7 6. Bb2 O-O 7. Qc2 Nbd7 8. Be2
b6 9. Rg1 Bb7 10. g4 c5 11. g5 Ne4 12. h4 Qe8 13. Nb5 Qd8 14. d3 Nd6 15. Nc3
Rc8 16. O-O-O d4 17. exd4 Bxf3 18. Bxf3 cxd4 19. Ne4 Ne5 20. Bh1 Nf5 21. h5 f6
22. gxf6 Bxf6 23. Nxf6+ Rxf6 24. Qe2 Nd7 25. Qg4 Qf8 26. Bxd4 Nxd4 27. Qxd4
Rxf2 28. Kb1 Qf6 29. Qxf6 Rxf6 30. Rd2 Rcf8 31. Re1 1/2-1/2

[Event "Frankfurt Ch 2011"]
[Site "Ffm-Kalbach, LAZ"]
[Date "2011.05.16"]
[Round "3.47"]
[White "Kulenovic, Adnan"]
[Black "Winter, Olaf"]
[Result "1-0"]
[WhiteElo "1799"]
[BlackElo "1675"]
[PlyCount "47"]
[EventDate "2011.??.??"]
[WhiteTeam "SK Springer Rodenbach"]
[BlackTeam "SK Bickenbach"]

1. d4 e6 2. e4 g6 3. Nc3 Bg7 4. Be3 Ne7 5. Qd2 d5 6. f3 a6 7. g4 b5 8. e5 Nd7
9. Nge2 Bb7 10. h4 c5 11. f4 cxd4 12. Nxd4 Nc6 13. h5 Rc8 14. Rh3 Nxd4 15. Bxd4
Qc7 16. O-O-O b4 17. Ne2 a5 18. Kb1 Ba6 19. Rc1 Bf8 20. hxg6 fxg6 21. f5 Nxe5
22. Bxe5 Qxe5 23. Re3 Qc7 24. Rxe6+ 1-0

[Event "Frankfurt Ch 2011"]
[Site "Ffm-Kalbach, LAZ"]
[Date "2011.05.16"]
[Round "3.48"]
[White "Weber, Axel"]
[Black "Biegel, Thomas"]
[Result "1/2-1/2"]
[WhiteElo "1452"]
[BlackElo "2028"]
[PlyCount "116"]
[EventDate "2011.??.??"]
[WhiteTeam "Sfr. Frankfurt 1921"]
[BlackTeam "SC Steinbach"]

1. e4 c6 2. d4 d5 3. Nc3 dxe4 4. Nxe4 Bf5 5. Ng3 Bg6 6. Nf3 Nd7 7. Bd3 e6 8.
O-O Ngf6 9. Bg5 Qb6 10. Rb1 c5 11. Be3 Rc8 12. Re1 Nd5 13. Bxg6 hxg6 14. dxc5
Bxc5 15. Bxc5 Qxc5 16. c3 O-O 17. Ne4 Qb6 18. Qd2 Rfd8 19. Qg5 N7f6 20. Nxf6+
gxf6 21. Qh6 Ne7 22. Qh4 Kg7 23. h3 Qa6 24. a3 Rc4 25. Re4 Rc5 26. Ra4 Qd3 27.
Re1 Nc6 28. Qe4 e5 29. Qxd3 Rxd3 30. Rae4 b5 31. R4e3 Rxe3 32. Rxe3 f5 33. Re2
e4 34. Nd4 Nxd4 35. cxd4 Rc1+ 36. Kh2 Rd1 37. Rc2 Rxd4 38. Rc7 Rd2 39. Kg1 Rxb2
40. Rxa7 Rb1+ 41. Kh2 Rb3 42. Rb7 Kf6 43. g3 Ke5 44. h4 Kf6 45. Kg2 Rb2 46. Kf1
Rb3 47. Ke2 f4 48. gxf4 Rxa3 49. Rxb5 Rf3 50. h5 Rxf4 51. Rb6+ Kg7 52. hxg6
fxg6 53. Ke3 Rf3+ 54. Ke2 Rf4 55. Ke3 Rf3+ 56. Ke2 Kf7 57. Rb4 Rf4 58. Ke3 Rf3+
1/2-1/2

[Event "Frankfurt Ch 2011"]
[Site "Ffm-Kalbach, LAZ"]
[Date "2011.05.16"]
[Round "3.49"]
[White "Liebert, Monika"]
[Black "Rutsatz, Mario"]
[Result "0-1"]
[WhiteElo "1021"]
[BlackElo "1900"]
[PlyCount "58"]
[EventDate "2011.??.??"]
[WhiteTeam "SV Schachforum Darmstadt 1994"]
[BlackTeam "vereinslos"]

1. e4 c5 2. Nf3 a6 3. Nc3 Nc6 4. a3 d6 5. d4 cxd4 6. Nxd4 Nf6 7. Nxc6 bxc6 8.
Bg5 e6 9. b4 Be7 10. Rb1 O-O 11. Bd3 h6 12. Bxf6 Bxf6 13. Ne2 d5 14. c4 a5 15.
exd5 cxd5 16. c5 axb4 17. axb4 e5 18. O-O e4 19. Bc2 Bg4 20. h3 Be6 21. Ng3 Be5
22. Qh5 f5 23. Nxe4 dxe4 24. Bxe4 fxe4 25. Qxe5 Qd5 26. Qxd5 Bxd5 27. Rfe1 Ra2
28. b5 Rfxf2 29. Rbd1 Rxg2+ 0-1

[Event "Frankfurt Ch 2011"]
[Site "Ffm-Kalbach, LAZ"]
[Date "2011.05.16"]
[Round "3.50"]
[White "Brauer, Frank"]
[Black "Geringer, Waldemar"]
[Result "0-1"]
[WhiteElo "1897"]
[BlackElo "1956"]
[PlyCount "120"]
[EventDate "2011.??.??"]
[WhiteTeam "vereinslos"]
[BlackTeam "SG Rödermark/Eppertshausen"]

1. e4 c5 2. c3 d5 3. exd5 Qxd5 4. d4 Nf6 5. Nf3 Bg4 6. Be2 e6 7. O-O Nc6 8. Be3
cxd4 9. cxd4 Be7 10. Nc3 Qd6 11. a3 a6 12. Rc1 O-O 13. Qb3 Rfd8 14. Rfd1 b5 15.
h3 Bh5 16. Rd2 b4 17. axb4 Qxb4 18. Qxb4 Nxb4 19. g4 Bg6 20. Ne5 Nfd5 21. Nxg6
hxg6 22. Nxd5 Nxd5 23. Bc4 Bb4 24. Rdc2 Nxe3 25. fxe3 Rd6 26. Kf2 g5 27. Kg2 a5
28. b3 g6 29. Rf1 Kg7 30. Rcf2 f5 31. Rd1 Rad8 32. Rdf1 Rf8 33. Kg3 Rc8 34. Ra2
Rcd8 35. Re2 Rc6 36. Ra1 Kf6 37. Rea2 f4+ 38. exf4 Bd6 39. Rxa5 gxf4+ 40. Kf3
Bc7 41. Ra6 Bb6 42. Rd1 g5 43. Rd2 Rcd6 44. Rd1 Bxd4 45. Rxd6 Rxd6 46. Rd2 Ke5
47. Ra2 Be3 48. Ra5+ Kf6 49. Ra6 Bb6 50. Ra1 Rd2 51. Re1 Be3 52. Re2 Rd1 53.
Rh2 Rg1 54. h4 Rg3+ 55. Ke2 e5 56. hxg5+ Kxg5 57. Rh5+ Kxg4 58. Rxe5 Rg2+ 59.
Kd3 Rd2+ 60. Ke4 Rd4# 0-1

[Event "Frankfurt Ch 2011"]
[Site "Ffm-Kalbach, LAZ"]
[Date "2011.05.16"]
[Round "3.51"]
[White "Klyszcz, Michael"]
[Black "Muthig, Holger"]
[Result "1-0"]
[WhiteElo "2064"]
[BlackElo "1496"]
[PlyCount "57"]
[EventDate "2011.??.??"]
[WhiteTeam "SG 1871 Löberitz"]
[BlackTeam "vereinslos"]

1. c4 c5 2. Nc3 g6 3. Nf3 Bg7 4. d4 cxd4 5. Nxd4 Nc6 6. e3 d6 7. Be2 Nf6 8. O-O
O-O 9. Bd2 Nxd4 10. exd4 Bf5 11. Qb3 Qc8 12. Bf3 Rb8 13. Rfe1 Re8 14. Rac1 Bg4
15. Nd5 Nxd5 16. cxd5 Qd7 17. Bxg4 Qxg4 18. Rc7 Bxd4 19. h3 Qf5 20. Be3 Bxe3
21. Rxe3 e6 22. dxe6 Rxe6 23. Rf3 Re1+ 24. Kh2 Qe5+ 25. g3 Rf8 26. Rcxf7 d5 27.
Rxf8+ Kg7 28. Qxb7+ Kh6 29. Qb4 1-0

[Event "Frankfurt Ch 2011"]
[Site "Ffm-Kalbach, LAZ"]
[Date "2011.05.16"]
[Round "3.52"]
[White "Knott, Tilo"]
[Black "Schmitt, Hans Walter"]
[Result "1/2-1/2"]
[WhiteElo "1523"]
[BlackElo "2130"]
[PlyCount "110"]
[EventDate "2011.??.??"]
[WhiteTeam "SC Brett vor'm Kopp Ffm"]
[BlackTeam "Chess Tigers Schach-Förderverein"]

1. d4 Nf6 2. Nc3 e6 3. Bg5 d5 4. Nf3 Nbd7 5. e3 h6 6. Bf4 a6 7. Bd3 c5 8. O-O
c4 9. Be2 b5 10. Ne5 Nxe5 11. Bxe5 Bd6 12. f4 Qe7 13. a3 Bb7 14. Bg4 O-O 15.
Qf3 Ne4 16. Nxe4 dxe4 17. Qg3 f5 18. Bh5 Bxe5 19. fxe5 Bc6 20. Bg6 Be8 21. c3
Bxg6 22. Qxg6 Qf7 23. Qg3 a5 24. Qe1 Qe7 25. Qd2 Rad8 26. Rad1 Rd5 27. Qe2 Rc8
28. Qh5 Kh7 29. g4 g6 30. Qh3 Rg8 31. Kh1 b4 32. gxf5 gxf5 33. Rg1 Rdd8 34. d5
Rxg1+ 35. Kxg1 Qg7+ 36. Kh1 Qxe5 37. Rg1 bxc3 38. bxc3 Qf6 39. dxe6 Qxe6 40.
Qh5 Rd7 41. Rf1 Rf7 42. Qh3 Qf6 43. Qh5 Qg6 44. Qh3 Rf6 45. Rg1 Qf7 46. Rf1 Qe6
47. Qg3 a4 48. Rg1 Qf7 49. Qe5 Rg6 50. Rf1 Rf6 51. Rb1 Rg6 52. Rf1 Rb6 53. Rxf5
Rb1+ 54. Kg2 Qg6+ 55. Kh3 Rb7 1/2-1/2